Statistiques concernant Les princes Daedra (The Elder Scrolls)

Cliquez ici pour prendre le quiz!

Statistiques générales

  • Ce quiz a été pris 75 fois
  • Le résultat moyen est 13 sur 17

Statistiques - réponses

Associé(e) à....Prince Daedra% Correct
Viol, Domination, EsclavageMolag Bal
92%
Aube et Crépuscule, Jour et NuitAzura
90%
FolieShéogorath
87%
Nuit, TénèbresNocturne
85%
Destruction, Révolution, AmbitionMehrunès Dagon
83%
Complot, Mensonge, ConspirationBoéthia
75%
Forêt, Connaissance, MémoireHermaeus Mora
75%
Chasse, LycanthropieHircine
75%
Conjuration, Vœux, MendiantsVil Clavicus
73%
Vie, Énergies infiniesMéridia
71%
Bannis, Exclus, MauditsMalacath
69%
Débauche, Paresse, AvariceSanghin
67%
Tâches, Ordre, PestilencePéryite
65%
Sexe, Meurtre, SecretsMéphala
62%
Putréfaction, Ancienne obscuritéNamira
62%
Rêves, Présages, TortureVaermina
62%
Ordre, DisciplineJyggalag
60%

Distribution des résultats

Percentile par nombre de réponses

% des personnes avec chaque résultat

Votre développement - résultats

Vous n’avez pas pris ce quiz